La presse automobile en France - Statistiques

Statistiques générales
  • Ce quiz a été pris 17 fois
  • Le résultat moyen est 2 sur 10
Statistiques - réponses
Année de création Périodicité Titre % Correct
1982 Mensuel Auto moto
81%
1988 Hebdomadaire Auto Plus
50%
1927 Bimensuel L'Argus
19%
1950 Bimensuel L'Auto journal
19%
1998 Mensuel EVO
6%
1946 Mensuel L'Automobile magazine
6%
1976 Hebdomadaire La vie de l'auto
6%
1995 Mensuel Gazoline
0%
1981 Bimestriel Nitro
0%
1988 Mensuel Rétroviseur
0%
Aucun quiz correspondant
Distribution des résultats
% des personnes avec chaque résultat
Percentile par nombre de réponses
Votre historique - résultats
Vous n’avez pas pris ce quiz